000 01039nam a2200241 a 4500
001 000043961
005 20201002045051.0
008 140512s2011 sp ac 000 0 spa d
020 _a9788415274148
040 _aDO-SdBNP
_bspa
_cBNPHU
082 _axxxx
_bxxxx
100 1 _aCosta, Joaquín,
_c1846-1911.
_931492
245 1 0 _aDiscursos librecambistas /
_cedición, introducción y notas de José María Serrano Sanz.
260 _aZaragoza :
_bPrensas Universitarias de Zaragoza ; Instituto de Estudios Altoaragoneses,
_bInstituto de Estudios Turolenses ; Departamento de Educación, Cultura y Deporte del Gobierno de Aragón,
_c2011.
300 _alxx, 138 p. :
_bil. retrs. ;
_c21 cm.
490 1 _aLarumbe
_aTextos aragoneses
490 1 _aHistoria y pensamiento
_v70
490 1 _aLarumbe
_aTextos aragoneses
500 _aIncluye referncias bibliográficas y notas al pie de las páginas
504 _aBibliografía: p. [131]-134
830 0 _aLarumbe
_ptextos aragoneses ;
_971906
830 0 _aHistoria y pensamiento ;
_v70
_971907
999 _c43450
_d43450